[Event "FIDE Chess.com Online Nations Cup"]
[Site "chess.com INT"]
[Date "2020.05.08"]
[EventDate "2020.05.05"]
[Round "8.2"]
[Result "1-0"]
[White "Jan-Krzysztof Duda"]
[Black "Pentala Harikrishna"]
[WhiteElo "2753"]
[BlackElo "2719"]
[PlyCount "155"]

1. d4 d5 2. c4 e6 3. Nc3 Be7 4. cxd5 exd5 5. Bf4 c6 6. e3 Bf5
7. Nge2 Nd7 8. Ng3 Bg6 9. h4 h5 10. Bd3 Bxd3 11. Qxd3 g6
12. e4 Ngf6 13. e5 Nh7 14. e6 Ndf8 15. exf7+ Kxf7 16. Be5 Rg8
17. f4 Bxh4 18. f5 Bxg3+ 19. Bxg3 Qg5 20. O-O Nf6 21. Bf4 Qg4
22. Nd1 Re8 23. Ne3 Rxe3 24. Bxe3 gxf5 25. Qc2 Ne6 26. Rxf5
Nxd4 27. Bxd4 Qxd4+ 28. Qf2 Qxf2+ 29. Rxf2 Ke6 30. Raf1 Rg6
31. Re1+ Kd6 32. Rf5 d4 33. Ra5 a6 34. Rd1 Rg4 35. Rf5 Ke6
36. Rdf1 Rg6 37. R5f4 Ke5 38. Rf5+ Ke6 39. R5f4 Ke5 40. a4 Nd5
41. Rf5+ Ke4 42. Rxh5 Ne3 43. Rf2 d3 44. Rh4+ Rg4 45. Rh7 b5
46. Rh6 Nc4 47. Rxc6 Ke3 48. axb5 axb5 49. Re6+ Kd4 50. Re8 d2
51. Rd8+ Kc5 52. b3 Na5 53. Rf3 Rb4 54. Rxd2 Nxb3 55. Rc2+ Rc4
56. Rf5+ Kd6 57. Ra2 Nd4 58. Ra6+ Rc6 59. Rf6+ Kd5 60. Rfxc6
Nxc6 61. Rb6 Kc5 62. Rb7 b4 63. Kf2 Na5 64. Rb8 Nc6 65. Rb7
Na5 66. Ra7 Nc6 67. Ra1 b3 68. Rc1+ Kb5 69. Ke3 Ne7 70. Kd2
Nd5 71. Rc8 Nf4 72. g4 Ne6 73. Kc3 Nc5 74. Kb2 Kb4 75. g5 Nd3+
76. Kb1 Ne5 77. Re8 Nf3 78. g6 1-0

[Event "FIDE Chess.com Online Nations Cup"]
[Site "chess.com INT"]
[Date "2020.05.09"]
[EventDate "2020.05.05"]
[Round "10.3"]
[Result "1-0"]
[White "Jan-Krzysztof Duda"]
[Black "Bassem Amin"]
[WhiteElo "2753"]
[BlackElo "2686"]
[PlyCount "105"]

1. e4 e5 2. Nf3 Nc6 3. Bb5 a6 4. Ba4 Nf6 5. O-O Be7 6. d3 d6
7. c4 O-O 8. h3 Nd7 9. Be3 Bf6 10. Nc3 Nd4 11. Nd5 Nc5
12. Bxd4 exd4 13. b4 Nxa4 14. Qxa4 c6 15. Nf4 Bd7 16. Qb3 g6
17. Ne2 Qb6 18. Rfc1 Be6 19. Nf4 Bd7 20. Rab1 Bg7 21. Ne2 Be6
22. Qb2 Qa7 23. c5 Rad8 24. a4 Rfe8 25. Qa3 Bc8 26. cxd6 Qb8
27. b5 axb5 28. axb5 Qxd6 29. Qxd6 Rxd6 30. bxc6 bxc6 31. Rb6
Bd7 32. Nd2 f5 33. Rb7 Bc8 34. Ra7 Bh6 35. f4 fxe4 36. Nxe4
Rxe4 37. dxe4 d3 38. Ra8 dxe2 39. Rxc8+ Kg7 40. Re1 Bxf4
41. Kf2 h5 42. Kxe2 g5 43. Rd1 Re6 44. Rd7+ Kf6 45. Kd3 h4
46. Rf8+ Kg6 47. Rff7 c5 48. Rg7+ Kf6 49. Rh7 Kg6 50. Rdg7+
Kf6 51. Rh6+ Ke5 52. Rxe6+ Kxe6 53. Rg6+ 1-0

[Event "Lindores Abbey Rapid Challenge"]
[Site "chess24.com INT"]
[Date "2020.05.19"]
[EventDate "2020.05.19"]
[Round "2.1"]
[Result "1-0"]
[White "Alexander Grischuk"]
[Black "Jan-Krzysztof Duda"]
[WhiteElo "2777"]
[BlackElo "2753"]
[PlyCount "101"]

1. d4 d5 2. c4 c6 3. Nf3 Nf6 4. e3 e6 5. Bd3 dxc4 6. Bxc4 Nbd7
7. O-O Bd6 8. Qc2 O-O 9. e4 e5 10. Be3 Qc7 11. h3 exd4
12. Bxd4 h6 13. Nbd2 Re8 14. Rfe1 Ne5 15. Bxe5 Bxe5 16. Nxe5
Qxe5 17. Nf3 Qh5 18. e5 Nh7 19. e6 Bxe6 20. Re5 Ng5 21. Nxg5
hxg5 22. Rae1 Re7 23. f4 Qh4 24. f5 Qd4+ 25. Kh1 Bxc4 26. Rxe7
Bd5 27. Re8+ Rxe8 28. Rxe8+ Kh7 29. Qe2 Qh4 30. Qg4 Qxg4
31. hxg4 Bxa2 32. Re7 b5 33. Rxa7 Bd5 34. b4 f6 35. Rd7 Kg8
36. Kg1 Kf8 37. Kf2 Be4 38. Rc7 Bd5 39. g3 Kg8 40. Ke3 Bg2
41. Rd7 Bh3 42. Kf3 Bf1 43. Rd6 Bc4 44. Ke3 Bb3 45. Rxc6 Kh7
46. Rc5 Ba4 47. Kd4 g6 48. Rc7+ Kg8 49. fxg6 Bb3 50. Kc5 Bc4
51. Rb7 1-0

[Event "Lindores Abbey Rapid Challenge"]
[Site "chess24.com INT"]
[Date "2020.05.19"]
[EventDate "2020.05.19"]
[Round "3.6"]
[Result "1/2-1/2"]
[White "Jan-Krzysztof Duda"]
[Black "Wesley So"]
[WhiteElo "2753"]
[BlackElo "2770"]
[PlyCount "121"]

1. e4 e5 2. Nf3 Nc6 3. Bc4 Bc5 4. O-O Nf6 5. d3 O-O 6. Bg5 h6
7. Bh4 Be7 8. Bg3 d6 9. a4 Na5 10. Ba2 c5 11. h3 Nc6 12. c3
Be6 13. Bxe6 fxe6 14. Na3 Qe8 15. Rb1 Nh5 16. Bh2 Nf4 17. Bxf4
Rxf4 18. b4 cxb4 19. cxb4 d5 20. b5 dxe4 21. dxe4 Rd8 22. Qb3
Nd4 23. Nxd4 exd4 24. Nc4 Rxe4 25. Qf3 Qg6 26. Nd2 Rh4
27. Qxb7 Bd6 28. Kh1 Qf5 29. Rb3 d3 30. Qf3 Qe5 31. g3 Rf8
32. Qg2 Rxa4 33. Rxd3 Bb4 34. Qe4 Qxb5 35. Qxe6+ Kh8 36. Rd5
Qa6 37. Qxa6 Rxa6 38. Nc4 Ra2 39. Kg1 a5 40. Ne5 Kh7 41. Nc6
Bc3 42. Rc5 Bd2 43. Nd4 a4 44. Rc7 Ba5 45. Rb7 Rf6 46. g4 Rb6
47. Ra7 Bc3 48. Nf5 Bf6 49. Rd1 a3 50. Rd3 Ra1+ 51. Kg2 a2
52. Rda3 Rb2 53. R3a6 Kh8 54. Ra8+ Kh7 55. R8a7 Kh8 56. h4 Rb4
57. Nxh6 Rab1 58. Nf7+ Kg8 59. Rxa2 Rxg4+ 60. Kf3 Rxh4 61. Nd6
1/2-1/2

[Event "Lindores Abbey Rapid Challenge"]
[Site "chess24.com INT"]
[Date "2020.05.19"]
[EventDate "2020.05.19"]
[Round "4.2"]
[Result "1-0"]
[White "Sergey Karjakin"]
[Black "Jan-Krzysztof Duda"]
[WhiteElo "2752"]
[BlackElo "2753"]
[PlyCount "109"]

1. e4 c5 2. Nf3 d6 3. d4 cxd4 4. Nxd4 Nf6 5. Nc3 a6 6. Bg5 e6
7. f4 Qb6 8. Qd2 Qxb2 9. Rb1 Qa3 10. f5 Nc6 11. fxe6 fxe6
12. Nxc6 bxc6 13. Be2 Be7 14. e5 dxe5 15. Bxf6 Bxf6 16. Bh5+
g6 17. Ne4 O-O 18. O-O Bg7 19. Rxf8+ Qxf8 20. Bf3 Ra7 21. Rb8
Rd7 22. Qa5 Qd8 23. Qxd8+ Rxd8 24. Bg4 Kf7 25. Rxc8 Rxc8
26. Nd6+ Kf6 27. Nxc8 Bf8 28. Bf3 Kf5 29. Bxc6 e4 30. Kf2 Bc5+
31. Ke2 Kf4 32. a4 a5 33. Kd2 Bb4+ 34. c3 Bc5 35. Ke2 Kf5
36. g3 Ke5 37. Kd2 Bg1 38. h3 Bf2 39. Bb7 Bc5 40. Kc2 h5
41. Kb3 g5 42. Kc4 Bf2 43. g4 h4 44. Ne7 Kf4 45. Nc6 Kg3
46. Nxa5 Kxh3 47. Nb3 Kxg4 48. a5 Ba7 49. Nd4 h3 50. Bxe4 e5
51. Ne2 Kh4 52. Kd5 g4 53. c4 g3 54. Nxg3 Kxg3 55. c5 1-0

[Event "Lindores Abbey Rapid Challenge"]
[Site "chess24.com INT"]
[Date "2020.05.20"]
[EventDate "2020.05.19"]
[Round "6.3"]
[Result "1-0"]
[White "Alireza Firouzja"]
[Black "Jan-Krzysztof Duda"]
[WhiteElo "2728"]
[BlackElo "2753"]
[PlyCount "99"]

1. d4 Nf6 2. c4 e6 3. Nf3 d5 4. Nc3 dxc4 5. Qa4+ Bd7 6. Qxc4
Na6 7. e4 c5 8. d5 exd5 9. exd5 Bd6 10. Be2 O-O 11. O-O Nc7
12. Bg5 h6 13. Bh4 Re8 14. a4 g5 15. Bg3 Bxg3 16. hxg3 Ncxd5
17. Nxd5 Nxd5 18. Qxd5 Rxe2 19. Rad1 Re7 20. Ne5 Be8 21. Qxd8
Rxd8 22. Rxd8 Rxe5 23. Rb8 Re7 24. a5 Kg7 25. Rc1 a6 26. Rxc5
Re1+ 27. Kh2 Bc6 28. g4 Re2 29. Kg3 Rd2 30. b4 Rd3+ 31. f3 Rd2
32. Rc8 Rd7 33. R8xc6 bxc6 34. Rxc6 Rd4 35. Rb6 f6 36. Kf2
Rd2+ 37. Ke3 Rb2 38. Kd4 Kf7 39. Kc4 Rc2+ 40. Kb3 Rxg2
41. Rxa6 Rf2 42. Rc6 h5 43. a6 Rxf3+ 44. Kb2 Rd3 45. a7 Rd8
46. Ra6 Ra8 47. b5 hxg4 48. b6 g3 49. Ra1 g2 50. Rg1 1-0

[Event "Lindores Abbey Rapid Challenge"]
[Site "chess24.com INT"]
[Date "2020.05.20"]
[EventDate "2020.05.19"]
[Round "7.4"]
[Result "1-0"]
[White "Jan-Krzysztof Duda"]
[Black "Magnus Carlsen"]
[WhiteElo "2753"]
[BlackElo "2863"]
[PlyCount "85"]

1. c4 e5 2. Nc3 Nf6 3. Nf3 Nc6 4. e3 Bb4 5. Qc2 O-O 6. Nd5 Re8
7. Qf5 d6 8. Nxf6+ gxf6 9. Qh5 d5 10. a3 Bf8 11. Bd3 e4
12. cxd5 exd3 13. dxc6 bxc6 14. b4 a5 15. Bb2 Re4 16. Nd4 Qd5
17. Qxd5 cxd5 18. f3 Re8 19. Nb5 Re7 20. Bxf6 Rd7 21. Kf2 Ba6
22. Nd4 Bc4 23. Rhb1 Ra6 24. Be5 f6 25. b5 Rb6 26. Bf4 a4
27. g4 Bc5 28. h4 Kf7 29. Kg3 Bxd4 30. exd4 Bxb5 31. Rb4 Re7
32. Rab1 Bc4 33. Rxb6 cxb6 34. Rxb6 Bb3 35. Bd6 Rd7 36. f4 f5
37. g5 Bd1 38. Bc5 Kg7 39. Kf2 Rd8 40. Rb7+ Kg6 41. Re7 Rb8
42. Re6+ Kh5 43. Kg3 1-0

[Event "Lindores Abbey Rapid Challenge"]
[Site "chess24.com INT"]
[Date "2020.05.20"]
[EventDate "2020.05.19"]
[Round "8.4"]
[Result "1/2-1/2"]
[White "Levon Aronian"]
[Black "Jan-Krzysztof Duda"]
[WhiteElo "2773"]
[BlackElo "2753"]
[PlyCount "76"]

1. c4 Nf6 2. Nc3 e6 3. e4 d5 4. e5 d4 5. exf6 dxc3 6. bxc3
Qxf6 7. Nf3 b6 8. g3 Bb7 9. Bg2 Bd6 10. d4 h6 11. O-O O-O
12. Qd3 Rd8 13. Re1 Nd7 14. a4 e5 15. Ra2 exd4 16. cxd4 Bb4
17. Re3 Nc5 18. Qe2 Ne6 19. d5 Nf8 20. Bb2 Qf5 21. Re4 Re8
22. Nh4 Qh7 23. Ra1 Rxe4 24. Bxe4 g6 25. Bc2 a5 26. Rd1 Bc5
27. Rd3 Bc8 28. Qe5 Bd6 29. Qf6 Bh3 30. Re3 Nd7 31. Qf3 h5
32. Qd1 Qh6 33. Nf3 Bg4 34. Kg2 Bc5 35. Re1 Bb4 36. Re3 Bc5
37. Re1 Bb4 38. Re3 Bc5 1/2-1/2

[Event "Lindores Abbey Rapid Challenge"]
[Site "chess24.com INT"]
[Date "2020.05.21"]
[EventDate "2020.05.19"]
[Round "9.3"]
[Result "0-1"]
[White "Jan-Krzysztof Duda"]
[Black "Ding Liren"]
[WhiteElo "2753"]
[BlackElo "2791"]
[PlyCount "54"]

1. c4 e5 2. Nc3 Nf6 3. g3 Bb4 4. Bg2 O-O 5. Nf3 e4 6. Ng5 Bxc3
7. bxc3 Re8 8. f3 exf3 9. Nxf3 d5 10. cxd5 Qxd5 11. O-O Nc6
12. Nd4 Qh5 13. e3 Bg4 14. Qc2 Bh3 15. Qd1 Qxd1 16. Rxd1 Bxg2
17. Kxg2 Ne5 18. Rb1 b6 19. Nf3 Nd3 20. Kf1 Rad8 21. Ke2 c5
22. a4 Ne4 23. a5 Re6 24. Rb3 g5 25. g4 h5 26. axb6 axb6
27. Ba3 hxg4 0-1

[Event "Lindores Abbey Rapid Challenge"]
[Site "chess24.com INT"]
[Date "2020.05.21"]
[EventDate "2020.05.19"]
[Round "11.2"]
[Result "1/2-1/2"]
[White "Jan-Krzysztof Duda"]
[Black "Yu Yangyi"]
[WhiteElo "2753"]
[BlackElo "2709"]
[PlyCount "116"]

1. e4 e5 2. Nf3 Nf6 3. Nxe5 d6 4. Nf3 Nxe4 5. d4 d5 6. Bd3 Nc6
7. O-O Be7 8. Nbd2 Nxd2 9. Bxd2 Bg4 10. c3 O-O 11. h3 Bh5
12. g3 Qd7 13. Kg2 Bg6 14. Bxg6 fxg6 15. Nh2 Rf7 16. Qg4 Rf5
17. Rae1 Raf8 18. Qe2 Bd6 19. Qb5 Qc8 20. Ng4 a6 21. Qb3 Na5
22. Qc2 Nc4 23. Bc1 h5 24. Nh2 c5 25. b3 Na5 26. dxc5 Bxc5
27. Re2 Nc6 28. f4 d4 29. Nf3 Qd7 30. Rd1 Rd5 31. cxd4 Nxd4
32. Qe4 Rd8 33. Red2 Qc6 34. Ne5 Re8 35. Nxc6 Rxe4 36. Ne5 g5
37. Nf3 gxf4 38. Bb2 Nf5 39. gxf4 Ne3+ 40. Kg3 Nxd1 41. Rxd5
Bf2+ 42. Kh2 Nxb2 43. Rd8+ Kf7 44. Ng5+ Ke7 45. Nxe4 Kxd8
46. Nxf2 Kd7 47. Kg3 Ke6 48. Kf3 Kf5 49. Ke3 b5 50. Kf3 a5
51. Ke3 a4 52. Kf3 axb3 53. axb3 g5 54. fxg5 Kxg5 55. Ke4 Kh4
56. Kf3 Kg5 57. Kg3 Kf5 58. Kf3 Kg5 1/2-1/2

[Event "FIDE Online Olympiad"]
[Site "Chess.com"]
[Date "2020.08.21"]
[EventDate "2020.08.21"]
[Round "1"]
[Result "1-0"]
[White "Jan-Krzysztof Duda"]
[Black "Emilio Cordova"]
[WhiteElo "2774"]
[BlackElo "2610"]
[Source "Chess-Results"]
[PlyCount "73"]

1. d4 Nf6 2. c4 e6 3. Nf3 b6 4. Bf4 Bb7 5. e3 Bb4+ 6. Nfd2 O-O
7. a3 Bd6 8. Bg3 Re8 9. Nc3 Bf8 10. Nf3 d6 11. Qc2 c5
12. O-O-O cxd4 13. Nxd4 a6 14. Rg1 Nbd7 15. Bh4 Rc8 16. g4 Ne5
17. Kb1 Nxc4 18. Bd3 g6 19. Rc1 b5 20. Qe2 Bg7 21. Bg5 Qa5
22. Nb3 Qb6 23. h4 Nd5 24. Nd1 Nxa3+ 25. bxa3 b4 26. a4 Nc3+
27. Nxc3 bxc3 28. Kc2 Bc6 29. Ra1 h6 30. Bf4 Qb4 31. Bxa6 Rb8
32. Rgb1 Bd5 33. Bb5 Rec8 34. f3 e5 35. e4 Be6 36. Bc1 d5
37. Ba3 1-0

[Event "FIDE Online Olympiad"]
[Site "Chess.com"]
[Date "2020.08.21"]
[EventDate "2020.08.21"]
[Round "2"]
[Result "0-1"]
[White "Kaiqi Yang"]
[Black "Jan-Krzysztof Duda"]
[WhiteElo "2384"]
[BlackElo "2774"]
[Source "Chess-Results"]
[PlyCount "106"]

1. d4 Nf6 2. Nf3 c5 3. c3 b6 4. Bf4 Bb7 5. e3 g6 6. Nbd2 Bg7
7. h3 O-O 8. Be2 d6 9. O-O Nbd7 10. a4 a6 11. Bh2 Qc7 12. Qb3
Rab8 13. Rfe1 Bh6 14. Bf1 b5 15. axb5 axb5 16. Ra7 Qb6
17. Rea1 Bd5 18. Qc2 Rfc8 19. e4 Bb7 20. d5 c4 21. b4 cxb3
22. Qxb3 Nc5 23. Qxb5 Qxb5 24. Bxb5 Nfxe4 25. Nxe4 Nxe4 26. c4
Kf8 27. Re1 Nc5 28. Nd4 Ra8 29. Rxa8 Rxa8 30. Bg3 Bd2 31. Re2
Bc3 32. Nc6 Bxc6 33. dxc6 Ne6 34. f3 g5 35. Rc2 Ra1+ 36. Kh2
Bd4 37. Bf2 Bxf2 38. Rxf2 h6 39. Rb2 Nc7 40. Kg3 f5 41. h4 Kg7
42. hxg5 hxg5 43. Kf2 Kf6 44. Re2 d5 45. Rd2 Ke5 46. Re2+ Kd6
47. Rd2 e5 48. Rb2 d4 49. Rd2 Ne6 50. Ke2 e4 51. fxe4 fxe4
52. Rb2 Nf4+ 53. Kf2 Nd3+ 0-1

[Event "FIDE Online Olympiad"]
[Site "Chess.com"]
[Date "2020.08.22"]
[EventDate "2020.08.21"]
[Round "4"]
[Result "0-1"]
[White "Neuris Delgado Ramirez"]
[Black "Jan-Krzysztof Duda"]
[WhiteElo "2667"]
[BlackElo "2774"]
[Source "Chess-Results"]
[PlyCount "104"]

1. e4 c5 2. Nf3 d6 3. Bb5+ Nd7 4. d4 cxd4 5. Qxd4 a6 6. Bxd7+
Bxd7 7. c4 e5 8. Qd3 b5 9. Nc3 Qb8 10. O-O h6 11. Nd5 Ne7
12. b3 Nxd5 13. Qxd5 bxc4 14. bxc4 Be6 15. Qc6+ Bd7 16. Qd5
Qc8 17. Qd3 Be6 18. Nd2 Be7 19. Ba3 Qc6 20. Rac1 O-O 21. Nf3
Rfd8 22. Qe3 Bf6 23. Rfd1 Rac8 24. c5 d5 25. exd5 Rxd5
26. Rxd5 Qxd5 27. Bb2 e4 28. Bxf6 exf3 29. Ba1 fxg2 30. Qg3
Qg5 31. Qxg5 hxg5 32. c6 Bxa2 33. c7 Bd5 34. Be5 f6 35. Bd6
Kf7 36. Re1 Bc6 37. h3 Rh8 38. Ra1 Rxh3 39. Bh2 Bb7 40. Rb1
Bc8 41. Rb8 Rh8 42. Kxg2 Ke6 43. Bg3 Kd7 44. f3 Re8 45. Kf2 f5
46. Rb6 f4 47. Bh2 Re6 48. Rxe6 Kxe6 49. Ke2 Ke5 50. Bg1 g4
51. Bc5 gxf3+ 52. Kxf3 Kf5 0-1

[Event "FIDE Online Olympiad"]
[Site "Chess.com"]
[Date "2020.08.22"]
[EventDate "2020.08.21"]
[Round "5"]
[Result "1-0"]
[White "Jan-Krzysztof Duda"]
[Black "Daniele Vocaturo"]
[WhiteElo "2774"]
[BlackElo "2584"]
[Source "Chess-Results"]
[PlyCount "79"]

1. d4 Nf6 2. c4 b6 3. f3 Nc6 4. Nc3 e5 5. d5 Ne7 6. e4 Ng6
7. Be3 Bc5 8. Bxc5 bxc5 9. Qd2 d6 10. O-O-O O-O 11. Bd3 a5
12. Nge2 a4 13. h4 Nd7 14. h5 Nf4 15. Nxf4 exf4 16. Qxf4 Ne5
17. Nb5 Bd7 18. h6 g5 19. Qg3 Bxb5 20. cxb5 Kh8 21. f4 Ng6
22. Qxg5 Qxg5 23. fxg5 Ne5 24. Rhf1 Rg8 25. Rf5 Rg6 26. Bc2 a3
27. bxa3 Rxa3 28. Bb3 c4 29. Kb2 Ra5 30. Rxe5 dxe5 31. Bxc4
Ra8 32. Kb3 Rxg5 33. d6 cxd6 34. Rxd6 Rxg2 35. b6 Rg6 36. Rxg6
hxg6 37. a4 g5 38. a5 Rb8 39. Kc3 Kh7 40. a6 1-0

[Event "FIDE Online Olympiad"]
[Site "Chess.com"]
[Date "2020.08.22"]
[EventDate "2020.08.21"]
[Round "6"]
[Result "1/2-1/2"]
[White "Luis Paulo Supi"]
[Black "Jan-Krzysztof Duda"]
[WhiteElo "2513"]
[BlackElo "2774"]
[Source "Chess-Results"]
[PlyCount "61"]

1. e4 c5 2. Nf3 d6 3. d4 cxd4 4. Nxd4 Nf6 5. Nc3 a6 6. h3 e5
7. Nb3 Be6 8. Be3 Nbd7 9. g4 Rc8 10. Qd2 b5 11. O-O-O Nb6
12. f4 Nc4 13. Bxc4 bxc4 14. Na1 Qa5 15. f5 Bd7 16. g5 Nh5
17. Qf2 Rb8 18. Qf3 Nf4 19. Bxf4 exf4 20. e5 Qb6 21. Rhe1 Bxf5
22. exd6+ Be6 23. Na4 Qb5 24. Qxf4 Kd8 25. b3 cxb3 26. axb3 h6
27. Re5 Qb4 28. Re4 Qb5 29. Re5 Qb4 30. Re4 Qb5 31. Re5
1/2-1/2

[Event "FIDE Online Olympiad"]
[Site "Chess.com"]
[Date "2020.08.23"]
[EventDate "2020.08.21"]
[Round "7"]
[Result "1-0"]
[White "Jan-Krzysztof Duda"]
[Black "Wesley So"]
[WhiteElo "2774"]
[BlackElo "2741"]
[Source "Chess-Results"]
[PlyCount "93"]

1. c4 Nf6 2. Nf3 e6 3. g3 d5 4. cxd5 exd5 5. Bg2 Bd6 6. b3 O-O
7. Bb2 Re8 8. O-O c6 9. d3 Bg4 10. Nbd2 Nbd7 11. Re1 Bxf3
12. Nxf3 Bb4 13. Rf1 Bd6 14. Qc2 Qe7 15. Nd4 Ba3 16. Nf5 Qf8
17. Bxa3 Qxa3 18. e4 Qc5 19. Qb2 dxe4 20. dxe4 g6 21. Nh6+ Kf8
22. Rad1 Qh5 23. Rxd7 Nxd7 24. Qh8+ Ke7 25. Qg7 Rf8 26. f4
Rae8 27. e5 Qe2 28. Rf2 Qe1+ 29. Bf1 Kd8 30. Nxf7+ Kc7 31. Re2
Qd1 32. Nd6 Rxe5 33. Rxe5 Qxd6 34. Qxh7 Qd4+ 35. Kg2 Qd2+
36. Be2 g5 37. fxg5 Kb6 38. Re7 Nc5 39. Qg7 Rf5 40. g6 Qd5+
41. Kh3 Rf2 42. Qe5 Qg2+ 43. Kg4 Nd7 44. Rxd7 Rxe2 45. Qc7+
Kc5 46. Qa5+ b5 47. Qa3+ 1-0

[Event "FIDE Online Olympiad"]
[Site "Chess.com"]
[Date "2020.08.23"]
[EventDate "2020.08.21"]
[Round "8"]
[Result "1/2-1/2"]
[White "Alan Pichot"]
[Black "Jan-Krzysztof Duda"]
[WhiteElo "2548"]
[BlackElo "2774"]
[Source "Chess-Results"]
[PlyCount "62"]

1. e4 c5 2. Nf3 d6 3. d4 cxd4 4. Qxd4 Nf6 5. Be2 Nc6 6. Qe3 g6
7. h3 Bg7 8. O-O O-O 9. Rd1 Nd7 10. Nc3 Qb6 11. Qf4 Nde5
12. Nd5 Qd8 13. Qh4 Nxf3+ 14. Bxf3 e6 15. Qxd8 Rxd8 16. Bg5
exd5 17. exd5 Ne5 18. Bxd8 Nxf3+ 19. gxf3 Bf5 20. Bc7 Bxb2
21. Rab1 Bxc2 22. Rxb2 Bxd1 23. Rxb7 Bxf3 24. Bxd6 Bxd5
25. Rb8+ Rxb8 26. Bxb8 a6 27. a3 f6 28. Kh2 Kf7 29. Kg3 Ke6
30. Bc7 Kf5 31. Bd8 g5 1/2-1/2

[Event "FIDE Online Olympiad"]
[Site "Chess.com"]
[Date "2020.08.23"]
[EventDate "2020.08.21"]
[Round "9"]
[Result "1-0"]
[White "Jan-Krzysztof Duda"]
[Black "Yasser Quesada Perez"]
[WhiteElo "2774"]
[BlackElo "2438"]
[Source "Chess-Results"]
[PlyCount "85"]

1. c4 e5 2. Nc3 Nf6 3. g3 d5 4. cxd5 Nxd5 5. Bg2 Nb6 6. Nf3
Nc6 7. O-O Be7 8. d3 O-O 9. a3 Re8 10. b4 Bf8 11. e3 a6
12. Qc2 Bf5 13. Rd1 Qd7 14. Bb2 Rad8 15. Ne4 h6 16. Nc5 Bxc5
17. bxc5 Bxd3 18. Rxd3 Qxd3 19. Qxd3 Rxd3 20. cxb6 cxb6
21. Bf1 Rd7 22. a4 f6 23. Rb1 Na5 24. Ba3 Rc7 25. Rxb6 Nc4
26. Bxc4+ Rxc4 27. Rxb7 Rxa4 28. Be7 Ra1+ 29. Kg2 Ra8 30. Nh4
a5 31. Nf5 a4 32. Bd6 a3 33. Rxg7+ Kh8 34. Bxa3 R8xa3 35. Rf7
Ra6 36. Nxh6 Rb6 37. Kf3 Ra2 38. Ng4 Raa6 39. Ke4 Ra2 40. Nxf6
Rb4+ 41. Kf3 e4+ 42. Kg4 Rb7 43. Rxb7 1-0

[Event "Norway Chess"]
[Site "Stavanger NOR"]
[Date "2020.10.05"]
[EventDate "2020.10.05"]
[Round "1.3"]
[Result "0-1"]
[White "Jan-Krzysztof Duda"]
[Black "Alireza Firouzja"]
[WhiteElo "2757"]
[BlackElo "2728"]
[PlyCount "104"]

1. e4 c6 2. d4 d5 3. Nc3 dxe4 4. Nxe4 Bf5 5. Ng3 Bg6 6. h4 h6
7. Nf3 Nd7 8. h5 Bh7 9. Bd3 Bxd3 10. Qxd3 e6 11. Bd2 Ngf6
12. O-O-O Be7 13. Kb1 O-O 14. Ne4 c5 15. Be3 Nxe4 16. Qxe4 Nf6
17. Qxb7 Nd5 18. Qa6 Rb8 19. Bd2 cxd4 20. Nxd4 Bf6 21. Nb3 Qc7
22. Rhe1 Rfc8 23. Rc1 Nb6 24. Re4 Nc4 25. Bf4 Qb6 26. Qxb6
Rxb6 27. Be3 Rb4 28. f3 a5 29. Rxc4 Rcxc4 30. Bd2 Rb5 31. Bxa5
Rxh5 32. Rg1 Rb5 33. Bd2 h5 34. c3 g5 35. Kc2 g4 36. Nc1 g3
37. b3 Rc8 38. a4 Rf5 39. Ne2 h4 40. c4 e5 41. Be3 Bg5
42. Bxg5 Rxg5 43. Rh1 Rh5 44. Kc3 f5 45. b4 f4 46. a5 h3
47. gxh3 e4 48. fxe4 g2 49. Rg1 Rxh3+ 50. Kd4 f3 51. c5 Kf7
52. Nf4 f2 0-1

[Event "Norway Chess"]
[Site "Stavanger NOR"]
[Date "2020.10.06"]
[EventDate "2020.10.05"]
[Round "2.2"]
[Result "1-0"]
[White "Fabiano Caruana"]
[Black "Jan-Krzysztof Duda"]
[WhiteElo "2828"]
[BlackElo "2757"]
[PlyCount "187"]

1. d4 d5 2. c4 c6 3. cxd5 cxd5 4. Bf4 Nc6 5. e3 Nf6 6. Bb5 Bd7
7. Nc3 a6 8. Bd3 Bg4 9. Nge2 e6 10. O-O Bxe2 11. Qxe2 Be7
12. a3 O-O 13. Na4 h6 14. Bg3 Nd7 15. h3 Qa5 16. Qd1 Rfc8
17. b4 Qd8 18. Rb1 Ra7 19. Nc5 Ncb8 20. Qe2 a5 21. Rfc1 axb4
22. axb4 Nf6 23. b5 b6 24. Na6 Rxc1+ 25. Rxc1 Nbd7 26. Rc6 Qf8
27. Qc2 Ra8 28. Rc7 Bd6 29. Bxd6 Qxd6 30. Qc6 Qf8 31. Rxd7
Nxd7 32. Qxd7 Rc8 33. g3 Rc3 34. Bf1 Qc8 35. Qxc8+ Rxc8 36. h4
g5 37. Nb4 Kf8 38. Nc6 Ra8 39. Be2 Ra2 40. Kf1 Ra1+ 41. Kg2
Ra2 42. Bd3 Rd2 43. Bf1 f6 44. hxg5 hxg5 45. g4 Ke8 46. Kg3
Rd1 47. Be2 Rg1+ 48. Kh2 Re1 49. Bd3 Rd1 50. Nb4 Kd7 51. Kg2
Ra1 52. f4 Ra3 53. fxg5 fxg5 54. Nc6 Kd6 55. Ne5 Ke7 56. Kf3
Ra2 57. e4 Ra1 58. Ke3 Re1+ 59. Be2 Rg1 60. Kf2 Ra1 61. Nf3
Kf6 62. Ke3 Ra8 63. Bd3 Rg8 64. Bb1 Ke7 65. Ne5 Ra8 66. Bd3
Rc8 67. Nc6+ Kd6 68. Ne5 Rf8 69. exd5 exd5 70. Bf5 Re8 71. Kd3
Re7 72. Bg6 Ra7 73. Ke3 Ke6 74. Bf5+ Kd6 75. Kd2 Ra2+ 76. Kc3
Ra3+ 77. Kb4 Ra7 78. Bc2 Ke6 79. Nc6 Ra2 80. Kb3 Ra1 81. Kc3
Rc1 82. Ne5 Rg1 83. Bf5+ Ke7 84. Nd7 Rc1+ 85. Kb3 Rc4 86. Nxb6
Rxd4 87. Kc3 Rd1 88. Nc8+ Kd8 89. b6 d4+ 90. Kc2 Re1 91. Nd6
Re3 92. Nf7+ Ke7 93. b7 d3+ 94. Kd1 1-0

[Event "Norway Chess"]
[Site "Stavanger NOR"]
[Date "2020.10.08"]
[EventDate "2020.10.05"]
[Round "4.3"]
[Result "1/2-1/2"]
[White "Aryan Tari"]
[Black "Jan-Krzysztof Duda"]
[WhiteElo "2633"]
[BlackElo "2757"]
[PlyCount "67"]

1. e4 c5 2. Nc3 g6 3. f4 Bg7 4. Nf3 Nc6 5. Bb5 Nd4 6. O-O Nxb5
7. Nxb5 d6 8. d3 a6 9. Nc3 b5 10. Qe1 Bb7 11. f5 Nf6 12. Qh4
Qd7 13. Bh6 Bxh6 14. Qxh6 O-O-O 15. Ng5 Ng4 16. Qh3 Ne5
17. Nd5 Kb8 18. fxg6 Qxh3 19. gxh3 e6 20. Nf6 hxg6 21. Ng4
Nxg4 22. hxg4 Rh4 23. Nxf7 Rxg4+ 24. Kh1 Rd7 25. Rf6 c4
26. Raf1 Rh4 27. Rxe6 d5 28. Nd6 cxd3 29. cxd3 dxe4 30. dxe4
g5 31. Nxb7 Kxb7 32. b4 Rhh7 33. Rff6 Rd2 34. Rb6+ 1/2-1/2

[Event "Norway Chess"]
[Site "Stavanger NOR"]
[Date "2020.10.08"]
[EventDate "2020.10.05"]
[Round "4.3"]
[Result "1-0"]
[White "Aryan Tari"]
[Black "Jan-Krzysztof Duda"]
[WhiteElo "2633"]
[BlackElo "2757"]
[PlyCount "129"]

1. e4 c5 2. Nf3 d6 3. Bb5+ Nd7 4. O-O a6 5. Bd3 g6 6. Re1 Bg7
7. c3 Ne5 8. Nxe5 dxe5 9. Bc4 Nf6 10. a4 b6 11. d3 O-O 12. h3
e6 13. Nd2 Bb7 14. Nf3 Qc7 15. Be3 Rfd8 16. Qc1 Ne8 17. Bh6
Bh8 18. Qg5 Bc6 19. Qh4 b5 20. axb5 axb5 21. Rxa8 Rxa8 22. Bb3
Bf6 23. Bg5 Bg7 24. Bh6 Bf6 25. Qg3 b4 26. cxb4 Qb8 27. Bd2
cxb4 28. h4 Ng7 29. Ng5 Qd6 30. Qf3 Nh5 31. g3 Bb5 32. Rc1
Qxd3 33. Qxd3 Bxd3 34. Bxb4 h6 35. Nxf7 Kxf7 36. Rc7+ Kg8
37. Bxe6+ Kh8 38. Bd5 Rb8 39. Bc3 Rb6 40. b4 g5 41. hxg5 hxg5
42. Kg2 g4 43. Bd2 Be2 44. Rf7 Ra6 45. Bc3 Ra3 46. Rc7 Ng7
47. Rc6 Nh5 48. Bf7 Bf3+ 49. Kf1 Kg7 50. Bxh5 Rb3 51. Ke1 Bxe4
52. Rc7+ Kh6 53. Bxg4 Bg5 54. Bxe5 Rb1+ 55. Ke2 Rxb4 56. f4
Bd8 57. Rc8 Bb6 58. f5 Kg5 59. Rg8+ Kh6 60. Rg6+ Kh7 61. Rd6
Bc5 62. Rd7+ Kg8 63. f6 Ra4 64. Be6+ Kh8 65. f7+ 1-0

[Event "Norway Chess"]
[Site "Stavanger NOR"]
[Date "2020.10.11"]
[EventDate "2020.10.05"]
[Round "6.1"]
[Result "1-0"]
[White "Magnus Carlsen"]
[Black "Jan-Krzysztof Duda"]
[WhiteElo "2863"]
[BlackElo "2757"]
[PlyCount "51"]

1. d4 d5 2. c4 c6 3. e3 Nf6 4. Nc3 e6 5. b3 b6 6. Bb2 Bb7
7. Bd3 Nbd7 8. Nge2 Bd6 9. O-O O-O 10. Ng3 c5 11. cxd5 cxd4
12. Nce4 Bxg3 13. Nxg3 dxe3 14. dxe6 exf2+ 15. Rxf2 fxe6
16. Qe2 Nc5 17. Bc2 Ba6 18. Qe1 Qe8 19. Rd1 Rc8 20. b4 Nb7
21. Ne4 Nd5 22. Rxf8+ Qxf8 23. Bb1 Qxb4 24. Nf6+ Kh8 25. Qxe6
Ra8 26. Qxd5 1-0

[Event "Norway Chess"]
[Site "Stavanger NOR"]
[Date "2020.10.12"]
[EventDate "2020.10.05"]
[Round "7.3"]
[Result "1-0"]
[White "Jan-Krzysztof Duda"]
[Black "Aryan Tari"]
[WhiteElo "2757"]
[BlackElo "2633"]
[PlyCount "53"]

1. e4 e5 2. Nf3 Nc6 3. Bb5 a6 4. Ba4 f5 5. d4 exd4 6. e5 b5
7. Bb3 Bb7 8. O-O Na5 9. Nxd4 c5 10. Nxf5 c4 11. Nc3 Qb6
12. Nd5 Bxd5 13. Qxd5 Qc6 14. Qd4 Qe6 15. Nd6+ Bxd6 16. exd6
Nf6 17. Qc3 O-O 18. Qxa5 Ng4 19. Qc3 Rae8 20. Bg5 cxb3
21. Qxb3 Qxb3 22. axb3 Re2 23. f3 Nf6 24. Rfc1 h6 25. Kf1 Rfe8
26. Bxf6 gxf6 27. Re1 1-0